ファミリーマートの市区町村別店舗数ランキング TOP30 - Statistics

General Stats
  • This quiz has been taken 749 times
  • The average score is 24 of 30
Answer Stats
店舗数 Answer % Correct
517 大阪市
96%
417 横浜市
96%
122 札幌市
95%
543 名古屋市
94%
229 福岡市
94%
117 広島市
93%
225 京都市
92%
171 仙台市
92%
168 川崎市
92%
110 千葉市
92%
184 神戸市
90%
154 さいたま市
90%
113 岡山市
90%
103 静岡市
89%
99 浜松市
88%
116 北九州市
87%
88 新潟市
87%
83 熊本市
86%
97 堺市
81%
106 鹿児島市
78%
96 金沢市
73%
89 松山市
66%
102 豊田市
61%
95 渋谷区
58%
107 千代田区
57%
106 練馬区
55%
83 品川区
55%
87 東大阪市
51%
84 那覇市
50%
103 豊島区
48%
No matching quizzes found
Score Distribution
Percent of People with Each Score
Percentile by Number Answered
Your Score History
You have not taken this quiz